[Event "EU-chT Seniors 65"]
[Site "Swidnica"]
[Date "2023.07.18"]
[Round "7.5"]
[White "Gal, Moshe"]
[Black "Spanton, Timothy"]
[Result "1/2-1/2"]
[WhiteElo "2106"]
[BlackElo "1800"]
[PlyCount "114"]
[EventDate "2023.07.12"]
[EventType "team-swiss"]
[EventRounds "9"]
[EventCountry "POL"]
[SourceTitle "CBM 215 Extra"]
[Source "ChessBase"]
[SourceDate "2023.09.30"]
[SourceVersion "1"]
[SourceVersionDate "2023.09.30"]
[SourceQuality "1"]
[WhiteTeam "Israel 65"]
[BlackTeam "England 65 III"]
[WhiteTeamCountry "ISR"]
[BlackTeamCountry "ENG"]

1. d4 d5 2. Bf4 e6 3. e3 Bd6 4. Bxd6 cxd6 5. c4 Nf6 6. Nc3 dxc4 7. Bxc4 d5 8. Bd3 Nc6 9. Rc1 0-0 10. Nf3 Bd7 11. Ne5 Nxe5 12. dxe5 Ne8 13. h4 f5 14. g4 f4 15. Qc2 fxe3 16. Bxh7+ Kh8 17. fxe3 Qb6 18. Rh3 Bb5 19. Nxb5 Qxb5 20. Bd3 Qb4+ 21. Qd2 Qxg4 22. Rh1 Qg3+ 23. Kd1 Rf2 24. Be2 Qxe5 25. h5 Nd6 26. h6 g5 27. Qc3 Qxc3 28. Rxc3 Ne4 29. Rc7 Rxe2 30. Kxe2 Ng3+ 31. Kf3 Nxh1 32. Kg2 Rf8 33. Kxh1 Rf6 34. Rxb7 Rxh6+ 35. Kg2 Rh7 36. Rb8+ Kg7 37. b4 Kf6 38. a4 Ke5 39. b5 Kd6 40. a5 Rc7 41. a6 e5 42. Kf3 Rd7 43. b6 axb6 44. Rxb6+ Kc5 45. Rg6 e4+ 46. Ke2 Ra7 47. Kd2 g4 48. Ke2 g3 49. Kf1 Kc4 50. Rd6 Kd3 51. Rxd5+ Kxe3 52. Ra5 Kf3 53. Rf5+ Ke3 54. Ra5 Kf3 55. Rf5+ Kg4 56. Ra5 Rf7+ 57. Kg1 Ra7 1/2-1/2

[Event "EU-chT Seniors 65"]
[Site "Swidnica"]
[Date "2023.07.16"]
[Round "5.3"]
[White "Vegh, Endre"]
[Black "Gal, Moshe"]
[Result "1/2-1/2"]
[WhiteElo "2202"]
[BlackElo "2106"]
[PlyCount "29"]
[EventDate "2023.07.12"]
[EventType "team-swiss"]
[EventRounds "9"]
[EventCountry "POL"]
[SourceTitle "CBM 215 Extra"]
[Source "ChessBase"]
[SourceDate "2023.09.30"]
[SourceVersion "1"]
[SourceVersionDate "2023.09.30"]
[SourceQuality "1"]
[WhiteTeam "Hungary 65"]
[BlackTeam "Israel 65"]
[WhiteTeamCountry "HUN"]
[BlackTeamCountry "ISR"]

1. d4 Nf6 2. c4 c5 3. d5 b5 4. Qc2 Na6 5. a3 bxc4 6. e4 e6 7. Bxc4 Nc7 8. Nc3 Bb7 9. Qd3 exd5 10. exd5 d6 11. Nf3 Be7 12. 0-0 0-0 13. Re1 Re8 14. Bf4 Bf8 15. Bg5 1/2-1/2

[Event "Wch Seniors 65 30th"]
[Site "Assisi"]
[Date "2022.11.16"]
[Round "2"]
[White "Vaisser, Anatoli"]
[Black "Gal, Moshe"]
[Result "1-0"]
[WhiteElo "2463"]
[BlackElo "2076"]
[PlyCount "85"]
[EventDate "2022.11.15"]
[EventType "swiss"]
[EventRounds "11"]
[EventCountry "ITA"]
[SourceTitle "CBM 211 Extra"]
[Source "ChessBase"]
[SourceDate "2023.01.31"]
[SourceVersion "1"]
[SourceVersionDate "2023.01.31"]
[SourceQuality "1"]

1. d4 Nf6 2. c4 c5 3. d5 b5 4. cxb5 a6 5. bxa6 g6 6. Nc3 Bg7 7. e4 0-0 8. a7 Rxa7 9. Nf3 e6 10. Be2 exd5 11. exd5 d6 12. 0-0 Na6 13. Nb5 Rb7 14. Bf4 Rb6 15. Bd2 Qd7 16. a4 Re8 17. Ba5 Rb8 18. Bc4 Ne4 19. Nd2 Nxd2 20. Qxd2 Bb7 21. Rae1 Bf8 22. b3 Rbc8 23. h3 Rb8 24. Bc3 Nc7 25. Nxc7 Qxc7 26. Bb5 Rxe1 27. Rxe1 Ra8 28. Qg5 Qd8 29. Qf4 Be7 30. Qh6 Qf8 31. Qe3 Bd8 32. Qd2 Be7 33. Bb2 Ba6 34. Qc3 f6 35. Bc6 Ra7 36. g4 Qh6 37. Kg2 Qg5 38. Kg3 Qh6 39. Re6 Bc8 40. Rxe7 Rxe7 41. Qxf6 Rd7 42. Bxd7 Bxd7 43. Qd8+ 1-0

[Event "EU-ch Amateur U2300"]
[Site "Zagreb"]
[Date "2022.08.20"]
[Round "8"]
[White "Dzaja, Martin Zorislav"]
[Black "Gal, Moshe"]
[Result "1-0"]
[WhiteElo "1974"]
[BlackElo "2111"]
[PlyCount "91"]
[EventDate "2022.08.14"]
[EventType "swiss"]
[EventRounds "9"]
[EventCountry "CRO"]
[SourceTitle "CBM 210 Extra"]
[Source "ChessBase"]
[SourceDate "2022.11.30"]
[SourceVersion "1"]
[SourceVersionDate "2022.11.30"]
[SourceQuality "1"]

1. Nf3 g6 2. c4 Nf6 3. d4 Bg7 4. g3 0-0 5. Bg2 d5 6. cxd5 Nxd5 7. 0-0 Nc6 8. e4 Nb6 9. d5 Na5 10. Nc3 c6 11. Bf4 Nac4 12. Qc2 cxd5 13. Nxd5 Nxd5 14. exd5 Nxb2 15. Be5 Bxe5 16. Nxe5 f6 17. Nxg6 hxg6 18. Qxg6+ Kh8 19. Qh6+ Kg8 20. Qg6+ Kh8 21. Qc2 Qd6 22. Qxb2 Kg7 23. Rfe1 Bd7 24. Re3 b6 25. Rae1 Rae8 26. Qe2 Rf7 27. h4 Bc8 28. Bf3 Bf5 29. Qb5 Rc8 30. Bh5 Bg6 31. Bxg6 Kxg6 32. Qd3+ Kg7 33. Re6 Qc5 34. h5 Kf8 35. Qe4 Rd8 36. Rd1 Rc8 37. Rc6 Rxc6 38. dxc6 Rg7 39. Rd8+ Kf7 40. Qf3 Rg5 41. Qb3+ e6 42. Rd7+ Kf8 43. c7 Qc1+ 44. Qd1 Rc5 45. Qxc1 Rxc1+ 46. Kg2 1-0

[Event "EU-ch Amateur U2300"]
[Site "Zagreb"]
[Date "2022.08.19"]
[Round "7"]
[White "Gal, Moshe"]
[Black "Franc, Borna"]
[Result "0-1"]
[WhiteElo "2111"]
[BlackElo "2020"]
[PlyCount "38"]
[EventDate "2022.08.14"]
[EventType "swiss"]
[EventRounds "9"]
[EventCountry "CRO"]
[SourceTitle "CBM 210 Extra"]
[Source "ChessBase"]
[SourceDate "2022.11.30"]
[SourceVersion "1"]
[SourceVersionDate "2022.11.30"]
[SourceQuality "1"]

1. Nf3 Nf6 2. c4 e6 3. b3 d5 4. e3 c5 5. Bb2 Nc6 6. cxd5 exd5 7. Bb5 Bd6 8. 0-0 0-0 9. d4 cxd4 10. Nxd4 Ne5 11. Nd2 a6 12. Be2 Qe7 13. N2f3 Bd7 14. Rc1 Rac8 15. Rxc8 Rxc8 16. Qa1 Neg4 17. h3 Nxe3 18. fxe3 Qxe3+ 19. Rf2 Ne4 0-1

[Event "EU-ch Amateur U2300"]
[Site "Zagreb"]
[Date "2022.08.17"]
[Round "5"]
[White "Gal, Moshe"]
[Black "Basaric, Srdjan"]
[Result "1-0"]
[WhiteElo "2111"]
[BlackElo "2024"]
[PlyCount "81"]
[EventDate "2022.08.14"]
[EventType "swiss"]
[EventRounds "9"]
[EventCountry "CRO"]
[SourceTitle "CBM 210 Extra"]
[Source "ChessBase"]
[SourceDate "2022.11.30"]
[SourceVersion "1"]
[SourceVersionDate "2022.11.30"]
[SourceQuality "1"]

1. d4 Nf6 2. Nf3 d6 3. Nc3 Nbd7 4. Bf4 Nh5 5. Bd2 e5 6. e4 Nhf6 7. Bc4 Be7 8. a4 0-0 9. 0-0 c6 10. a5 Rb8 11. Qe2 b5 12. Bb3 a6 13. h3 Bb7 14. dxe5 dxe5 15. Bg5 Bc8 16. Rfd1 Qc7 17. Bh4 Nc5 18. Bg3 Nfd7 19. Nd4 Bf6 20. Ba2 g6 21. b4 Na4 22. Nxa4 bxa4 23. c3 c5 24. Nc2 Be7 25. Qc4 Nf6 26. Ne3 Rb5 27. Nd5 Nxd5 28. exd5 Bd6 29. Bb1 Qb7 30. Rxa4 Bd7 31. Bd3 cxb4 32. cxb4 Rc8 33. Qb3 Rbc5 34. Bxa6 Bxa4 35. Qxa4 Qxa6 36. bxc5 Bxc5 37. Bxe5 Qe2 38. Bg3 f5 39. d6 f4 40. d7 Rf8 41. Bh4 1-0

[Event "EU-ch Amateur U2300"]
[Site "Zagreb"]
[Date "2022.08.14"]
[Round "1"]
[White "Gal, Moshe"]
[Black "Prihoda, Leonardo"]
[Result "1/2-1/2"]
[WhiteElo "2111"]
[BlackElo "1995"]
[PlyCount "136"]
[EventDate "2022.08.14"]
[EventType "swiss"]
[EventRounds "9"]
[EventCountry "CRO"]
[SourceTitle "CBM 210 Extra"]
[Source "ChessBase"]
[SourceDate "2022.11.30"]
[SourceVersion "1"]
[SourceVersionDate "2022.11.30"]
[SourceQuality "1"]

1. d4 d5 2. c4 e6 3. Nc3 Nf6 4. cxd5 exd5 5. Bg5 c6 6. e3 Bf5 7. Qf3 Bg6 8. Bxf6 Qxf6 9. Qxf6 gxf6 10. Nf3 Nd7 11. Nh4 Be7 12. Ne2 0-0-0 13. Ng3 Bb4+ 14. Kd1 Rhe8 15. Nhf5 Bf8 16. h4 h6 17. h5 Bh7 18. a3 a6 19. Bd3 Kb8 20. Kd2 c5 21. Rac1 c4 22. Bc2 b5 23. Nh4 Bxc2 24. Kxc2 a5 25. Ngf5 Kb7 26. Ra1 Ra8 27. Rhc1 b4 28. Nf3 Nb6 29. a4 b3+ 30. Kb1 Rac8 31. Rc3 Bb4 32. Nh2 Rg8 33. g4 Rh8 34. Nf1 Rcg8 35. f3 Rg5 36. N1g3 Bxc3 37. bxc3 Kc7 38. Kb2 Kd7 39. Ka3 Rgg8 40. e4 dxe4 41. Nxe4 Nd5 42. Kb2 Re8 43. Nfd6 Rxe4 44. fxe4 Kxd6 45. exd5 Re8 46. Rf1 Re2+ 47. Kb1 Kxd5 48. Rxf6 Re1+ 49. Kb2 Re2+ 50. Kb1 Rg2 51. Rxh6 Rxg4 52. Rf6 Rg1+ 53. Kb2 Rg2+ 54. Kb1 Rh2 55. Rxf7 Rh1+ 56. Kb2 Rh2+ 57. Kb1 Rxh5 58. Re7 Rh1+ 59. Kb2 Rh2+ 60. Kb1 Kd6 61. Re5 Rc2 62. Rxa5 Rxc3 63. Rc5 Rc2 64. a5 c3 65. a6 Rb2+ 66. Kc1 Rc2+ 67. Kb1 Rb2+ 68. Kc1 Rc2+ 1/2-1/2

[Event "EUR-chT Seniors 65"]
[Site "Prague"]
[Date "2021.09.02"]
[Round "4.2"]
[White "Gal, Moshe"]
[Black "Hardicsay, Peter"]
[Result "1/2-1/2"]
[WhiteElo "2088"]
[BlackElo "2185"]
[PlyCount "36"]
[EventDate "2021.08.30"]
[EventType "team-swiss"]
[EventRounds "9"]
[EventCountry "CZE"]
[SourceTitle "CBM 204 Extra"]
[Source "ChessBase"]
[SourceDate "2021.11.30"]
[SourceVersion "1"]
[SourceVersionDate "2021.11.30"]
[SourceQuality "1"]
[WhiteTeam "Israel 65 II"]
[BlackTeam "Hungary 65"]
[WhiteTeamCountry "ISR"]
[BlackTeamCountry "HUN"]

1. Nf3 d5 2. e3 g6 3. c4 Nf6 4. cxd5 Nxd5 5. d4 Bg7 6. e4 Nb6 7. Bb5+ c6 8. Be2 Bg4 9. Nbd2 h6 10. 0-0 0-0 11. a4 a5 12. Nb3 N8d7 13. Be3 Bxf3 14. gxf3 e5 15. f4 exd4 16. Nxd4 Qe7 17. Qc2 Rfe8 18. Bf3 Qb4 1/2-1/2

[Event "EUR-chT Seniors 65"]
[Site "Prague"]
[Date "2021.08.30"]
[Round "1.2"]
[White "Birnboim, Nathan"]
[Black "Gal, Moshe"]
[Result "0-1"]
[WhiteElo "2375"]
[BlackElo "2088"]
[PlyCount "58"]
[EventDate "2021.08.30"]
[EventType "team-swiss"]
[EventRounds "9"]
[EventCountry "CZE"]
[SourceTitle "CBM 204 Extra"]
[Source "ChessBase"]
[SourceDate "2021.11.30"]
[SourceVersion "1"]
[SourceVersionDate "2021.11.30"]
[SourceQuality "1"]
[WhiteTeam "Israel 65"]
[BlackTeam "Israel 65 II"]
[WhiteTeamCountry "ISR"]
[BlackTeamCountry "ISR"]

1. c4 c5 2. Nf3 Nf6 3. d4 cxd4 4. Nxd4 Nc6 5. g3 d6 6. Nxc6 bxc6 7. Bg2 Qc7 8. 0-0 g6 9. Bf4 Nh5 10. Bd2 Bg7 11. Bc3 Nf6 12. c5 d5 13. e4 dxe4 14. Nd2 e3 15. Nc4 exf2+ 16. Rxf2 0-0 17. Be5 Qd7 18. Qa4 Nd5 19. Bxg7 Kxg7 20. Ne5 Qc7 21. Nxc6 e6 22. Qd4+ Kg8 23. Bxd5 exd5 24. Nb4 Be6 25. Nxd5 Bxd5 26. Qxd5 Rac8 27. b4 h5 28. Raf1 Rcd8 29. Rxf7 Qxf7 0-1

[Event "Senta op 25th"]
[Site "Senta"]
[Date "2021.07.24"]
[Round "9"]
[White "Gal, Moshe"]
[Black "Gordon, Evgeny"]
[Result "1/2-1/2"]
[WhiteElo "2117"]
[BlackElo "2026"]
[PlyCount "106"]
[EventDate "2021.07.17"]
[EventType "swiss"]
[EventRounds "9"]
[EventCountry "SRB"]
[SourceTitle "EXT 2022"]
[Source "ChessBase"]
[SourceDate "2021.10.06"]
[SourceVersion "1"]
[SourceVersionDate "2021.10.06"]
[SourceQuality "1"]

1. d4 d5 2. Bf4 e6 3. e3 c5 4. Nc3 a6 5. dxc5 Bxc5 6. Bd3 Bd6 7. Nf3 Nc6 8. Bg3 Nf6 9. e4 d4 10. e5 Bb4 11. Nxd4 Qxd4 12. exf6 Qxf6 13. 0-0 Bxc3 14. bxc3 0-0 15. Qh5 h6 16. Rab1 Qg5 17. Qe2 Qc5 18. Rfd1 e5 19. Kh1 Qe7 20. f4 exf4 21. Qxe7 Nxe7 22. Bxf4 Nd5 23. Bd2 Bg4 24. Re1 b5 25. c4 bxc4 26. Bxc4 Be6 27. Bd3 Rfd8 28. a3 Rd7 29. Kg1 Rdd8 30. Kf2 Rac8 31. Rb7 Ra8 32. Reb1 Nf6 33. Bf4 g5 34. Bc7 Rdc8 35. Rb8 Rcxb8 36. Rxb8+ Rxb8 37. Bxb8 Bc8 38. Ke3 Bb7 39. Bf1 Nd7 40. Bd6 f5 41. Kd4 Kg7 42. g3 Nf6 43. Be5 Kg6 44. c4 Ng4 45. h3 Nh2 46. Be2 Nf3+ 47. Bxf3 Bxf3 48. Kc5 Be2 49. Kd5 Kf7 50. c5 Ke7 51. Bd4 Kd7 52. c6+ Kc8 53. Ke5 f4 1/2-1/2

[Event "Senta op 25th"]
[Site "Senta"]
[Date "2021.07.19"]
[Round "4"]
[White "Pletl, Akos"]
[Black "Gal, Moshe"]
[Result "1-0"]
[WhiteElo "2207"]
[BlackElo "2117"]
[PlyCount "63"]
[EventDate "2021.07.17"]
[EventType "swiss"]
[EventRounds "9"]
[EventCountry "SRB"]
[SourceTitle "EXT 2022"]
[Source "ChessBase"]
[SourceDate "2021.10.06"]
[SourceVersion "1"]
[SourceVersionDate "2021.10.06"]
[SourceQuality "1"]

1. d4 Nf6 2. c4 c5 3. d5 b5 4. cxb5 a6 5. bxa6 g6 6. Nc3 Bg7 7. a7 Rxa7 8. e4 0-0 9. Nf3 e6 10. Be2 exd5 11. exd5 d6 12. 0-0 Ba6 13. Nd2 Bxe2 14. Qxe2 Re7 15. Qf3 Nfd7 16. Nde4 Ne5 17. Qg3 Nc4 18. Bg5 f6 19. Bf4 Ne5 20. Nb5 Rd7 21. Bxe5 fxe5 22. h4 Rf5 23. Qh3 Qe7 24. Rad1 Bf6 25. h5 Kg7 26. hxg6 hxg6 27. g3 Rd8 28. Kg2 Qf8 29. Rh1 Rh5 30. Qg4 Rxh1 31. Rxh1 Be7 32. Nc7 1-0

[Event "Senta op 25th"]
[Site "Senta"]
[Date "2021.07.17"]
[Round "1"]
[White "Gal, Moshe"]
[Black "Ratic, Zoran"]
[Result "1-0"]
[WhiteElo "2117"]
[BlackElo "1750"]
[PlyCount "89"]
[EventDate "2021.07.17"]
[EventType "swiss"]
[EventRounds "9"]
[EventCountry "SRB"]
[SourceTitle "EXT 2022"]
[Source "ChessBase"]
[SourceDate "2021.10.06"]
[SourceVersion "1"]
[SourceVersionDate "2021.10.06"]
[SourceQuality "1"]

1. d4 Nf6 2. Bf4 e6 3. e3 d5 4. Nf3 a6 5. Bd3 h6 6. Ne5 Nbd7 7. Nd2 Nxe5 8. Bxe5 Bd6 9. h4 Bxe5 10. dxe5 Nd7 11. Qg4 Kf8 12. f4 b5 13. c3 c5 14. Rh3 f5 15. exf6 Nxf6 16. Qf3 Ra7 17. 0-0-0 c4 18. Bc2 Qa5 19. a3 Qb6 20. e4 a5 21. e5 Ne8 22. g4 b4 23. axb4 axb4 24. f5 Rf7 25. Rf1 bxc3 26. Qxc3 Ke7 27. f6+ gxf6 28. Rhf3 f5 29. gxf5 exf5 30. e6 Rf6 31. Bxf5 Rhf8 32. Qa3+ Nd6 33. Bh3 Rxf3 34. Nxf3 Qb3 35. Qa7+ Bb7 36. Qd4 Rf6 37. Qxf6+ Kxf6 38. Nd4+ Ke7 39. Nxb3 cxb3 40. Rf3 Ba6 41. Rxb3 d4 42. Ra3 Bb7 43. Ra7 Kf6 44. e7 Be4 45. Rd7 1-0

[Event "Wch Seniors 65 29th"]
[Site "Bucharest"]
[Date "2019.11.23"]
[Round "11"]
[White "Giurumia, Sorin"]
[Black "Gal, Moshe"]
[Result "1-0"]
[WhiteElo "2066"]
[BlackElo "2171"]
[PlyCount "91"]
[EventDate "2019.11.12"]
[EventType "swiss"]
[EventRounds "11"]
[EventCountry "ROU"]
[SourceTitle "CBM 193 Extra"]
[Source "ChessBase"]
[SourceDate "2020.01.31"]
[SourceVersion "1"]
[SourceVersionDate "2020.01.31"]
[SourceQuality "1"]

1. e4 g6 2. d4 Bg7 3. Nc3 a6 4. a4 d6 5. g3 Nc6 6. Be3 e5 7. d5 Nce7 8. Qd2 f5 9. f3 Nf6 10. h3 Kf7 11. g4 f4 12. Bf2 g5 13. h4 h6 14. 0-0-0 Ng6 15. h5 Ne7 16. Kb1 Bd7 17. Bd3 Qb8 18. Nge2 Qe8 19. a5 Nc8 20. Nc1 Na7 21. Nb3 Ba4 22. Rc1 Bxb3 23. cxb3 Qd7 24. Rhd1 Rhc8 25. Be2 Ne8 26. Bc4 Bf6 27. b4 Kg7 28. Bb3 Nb5 29. Nxb5 axb5 30. Rc3 Be7 31. Rdc1 Ra6 32. Qd3 Rca8 33. Bd1 Bd8 34. Be2 c6 35. dxc6 bxc6 36. Bd1 c5 37. Bxc5 Qe7 38. Bf2 Bxa5 39. bxa5 b4 40. Rc4 Rxa5 41. Bb3 Nc7 42. Bb6 Ra1+ 43. Kc2 Rxc1+ 44. Kxc1 Na6 45. Qd5 Rb8 46. Rc6 1-0

[Event "Wch Seniors 65 29th"]
[Site "Bucharest"]
[Date "2019.11.22"]
[Round "10"]
[White "Gal, Moshe"]
[Black "Brongers, Henk"]
[Result "1-0"]
[WhiteElo "2171"]
[BlackElo "2056"]
[PlyCount "99"]
[EventDate "2019.11.12"]
[EventType "swiss"]
[EventRounds "11"]
[EventCountry "ROU"]
[SourceTitle "CBM 193 Extra"]
[Source "ChessBase"]
[SourceDate "2020.01.31"]
[SourceVersion "1"]
[SourceVersionDate "2020.01.31"]
[SourceQuality "1"]

1. d4 Nf6 2. Bf4 g6 3. Nc3 d6 4. e4 Nbd7 5. Nf3 a6 6. e5 Nh5 7. Be3 b5 8. Qd2 Bb7 9. Be2 e6 10. 0-0 f5 11. exf6 Qxf6 12. Bg5 Qf7 13. Nh4 Be7 14. Bf3 Bxf3 15. Nxf3 Qf5 16. Rae1 Bxg5 17. Nxg5 Ng7 18. Nxe6 Nxe6 19. d5 0-0 20. dxe6 Nf6 21. Qd3 Rae8 22. Re2 Re7 23. Rfe1 Kg7 24. Qd4 Kg8 25. a3 Rfe8 26. Ne4 Nxe4 27. Qxe4 Qxe4 28. Rxe4 d5 29. Re5 c6 30. g4 Rf8 31. Kg2 h6 32. h4 Rf4 33. Kg3 Rc4 34. R1e2 a5 35. f4 Kg7 36. R5e3 Kf6 37. g5+ Kg7 38. Rc3 Rxc3+ 39. bxc3 h5 40. f5 gxf5 41. Kf4 Kg6 42. Ke5 f4 43. Rf2 d4 44. cxd4 b4 45. axb4 a4 46. Kd6 Ra7 47. Rxf4 a3 48. e7 a2 49. e8Q+ Kg7 50. Qf8+ 1-0

[Event "Wch Seniors 65 29th"]
[Site "Bucharest"]
[Date "2019.11.19"]
[Round "7"]
[White "Vepkhvishvili, Varlam"]
[Black "Gal, Moshe"]
[Result "1/2-1/2"]
[WhiteElo "2069"]
[BlackElo "2171"]
[PlyCount "87"]
[EventDate "2019.11.12"]
[EventType "swiss"]
[EventRounds "11"]
[EventCountry "ROU"]
[SourceTitle "CBM 193 Extra"]
[Source "ChessBase"]
[SourceDate "2020.01.31"]
[SourceVersion "1"]
[SourceVersionDate "2020.01.31"]
[SourceQuality "1"]

1. e4 c5 2. Nf3 Nc6 3. d4 cxd4 4. Nxd4 g6 5. Nc3 Bg7 6. Be3 Nf6 7. Be2 0-0 8. 0-0 d5 9. exd5 Nxd5 10. Nxd5 Qxd5 11. Bf3 Qa5 12. Nb3 Qc7 13. c3 Rd8 14. Qc1 Bf5 15. Bxc6 Qxc6 16. Nd4 Qc8 17. Nxf5 Qxf5 18. Rd1 b6 19. h3 Rd5 20. Rxd5 Qxd5 21. Qc2 Rd8 22. a4 Be5 23. a5 bxa5 24. Bxa7 Bc7 25. Be3 Qd6 26. g3 Qd5 27. Qe2 Qe4 28. Rd1 Rxd1+ 29. Qxd1 a4 30. Qc1 h5 31. h4 Qc4 32. Qd2 Bd6 33. Kg2 Qc6+ 34. f3 Qb5 35. Bf2 Qc4 36. Bd4 Qb5 37. Qc2 Qc4 38. Qe4 e5 39. Bf2 Qxe4 40. fxe4 f5 41. Kf3 Kf7 42. c4 a3 43. bxa3 Bxa3 44. Bb6 1/2-1/2

[Event "Wch Seniors 65 29th"]
[Site "Bucharest"]
[Date "2019.11.14"]
[Round "3"]
[White "Houweling, Bert AF"]
[Black "Gal, Moshe"]
[Result "0-1"]
[WhiteElo "2039"]
[BlackElo "2171"]
[PlyCount "108"]
[EventDate "2019.11.12"]
[EventType "swiss"]
[EventRounds "11"]
[EventCountry "ROU"]
[SourceTitle "CBM 193 Extra"]
[Source "ChessBase"]
[SourceDate "2020.01.31"]
[SourceVersion "1"]
[SourceVersionDate "2020.01.31"]
[SourceQuality "1"]

1. e4 g6 2. d4 Bg7 3. Nc3 a6 4. Nf3 d6 5. Bd3 b5 6. 0-0 Nd7 7. e5 dxe5 8. dxe5 Nc5 9. Ne4 Nxd3 10. cxd3 Bb7 11. Nc5 Bd5 12. Re1 e6 13. Bg5 Ne7 14. d4 h6 15. Bxe7 Qxe7 16. Re3 0-0 17. Nd2 f5 18. f4 Qh4 19. g3 Qe7 20. a4 Rfd8 21. axb5 axb5 22. Rea3 Qe8 23. Ra7 Rxa7 24. Rxa7 Ba8 25. Qb3 Bd5 26. Qb4 Ra8 27. Rxc7 g5 28. Ncb3 gxf4 29. gxf4 Qg6+ 30. Kf2 Qg2+ 31. Ke1 Qg1+ 32. Ke2 Qxh2+ 33. Kd1 Qxf4 34. Qe7 Qg4+ 35. Kc2 Rf8 36. Nc5 Qg6 37. Nd7 f4+ 38. Kc3 b4+ 39. Kxb4 Qf7 40. Qd6 Qf5 41. Qe7 Qf7 42. Qd6 Qe8 43. Kc3 Rf7 44. Kd3 f3 45. Ke3 f2 46. Ke2 Rf4 47. Nf6+ Bxf6 48. exf6 f1Q+ 49. Nxf1 Qh5+ 50. Kd2 Rf2+ 51. Kc3 Qf3+ 52. Kb4 Rxb2+ 53. Ka5 Ra2+ 54. Kb5 Qxf1+ 0-1

[Event "EU-ch Seniors 65 19th"]
[Site "Rhodes"]
[Date "2019.04.13"]
[Round "8"]
[White "Gal, Moshe"]
[Black "Hedin, Gunnar"]
[Result "1/2-1/2"]
[WhiteElo "2170"]
[BlackElo "2195"]
[PlyCount "77"]
[EventDate "2019.04.06"]
[EventType "swiss"]
[EventRounds "9"]
[EventCountry "GRE"]
[SourceTitle "CBM 189 Extra"]
[Source "ChessBase"]
[SourceDate "2019.06.03"]
[SourceVersion "1"]
[SourceVersionDate "2019.06.03"]
[SourceQuality "1"]

1. Nf3 f5 2. d4 Nf6 3. g3 g6 4. Bg2 Bg7 5. 0-0 0-0 6. Nbd2 Nc6 7. c3 d5 8. Qb3 b6 9. Ne5 Bb7 10. Ndf3 e6 11. Bg5 Qe8 12. Nxc6 Bxc6 13. Bxf6 Bxf6 14. Qc2 Rc8 15. Ne5 Bxe5 16. dxe5 Bb5 17. a4 Ba6 18. a5 Qb5 19. axb6 axb6 20. e3 Ra8 21. Ra3 Bb7 22. Rfa1 Rxa3 23. Rxa3 Ra8 24. Rxa8+ Bxa8 25. h4 Bc6 26. Qd2 Qb3 27. e4 fxe4 28. Qg5 Be8 29. Qe7 Bf7 30. Qxc7 e3 31. fxe3 Qxb2 32. Kh2 b5 33. Kh3 Qe2 34. Qd8+ Kg7 35. Qf6+ Kg8 36. Qg5 Qd3 37. Qd8+ Kg7 38. Qf6+ Kg8 39. Qd8+ 1/2-1/2

[Event "EU-ch Seniors 65 19th"]
[Site "Rhodes"]
[Date "2019.04.08"]
[Round "3"]
[White "Bogdanov, Valentin"]
[Black "Gal, Moshe"]
[Result "1-0"]
[WhiteElo "2357"]
[BlackElo "2170"]
[PlyCount "79"]
[EventDate "2019.04.06"]
[EventType "swiss"]
[EventRounds "9"]
[EventCountry "GRE"]
[SourceTitle "CBM 189 Extra"]
[Source "ChessBase"]
[SourceDate "2019.06.03"]
[SourceVersion "1"]
[SourceVersionDate "2019.06.03"]
[SourceQuality "1"]

1. d4 Nf6 2. c4 c5 3. d5 b5 4. cxb5 a6 5. e3 g6 6. Nc3 Bg7 7. Nf3 0-0 8. a4 d6 9. Qb3 axb5 10. Bxb5 Na6 11. 0-0 Nb4 12. e4 e6 13. Bg5 h6 14. Bh4 g5 15. Bg3 e5 16. Nd2 Nh5 17. Na2 Na6 18. Qd1 Nf4 19. Nc4 f5 20. f3 Ng6 21. exf5 Bxf5 22. Bxa6 Rxa6 23. Nc3 Nf4 24. Bxf4 exf4 25. Nb5 Re8 26. Rc1 Qd7 27. b3 Bf8 28. Qd2 Qh7 29. Rfe1 Rd8 30. Na5 Raa8 31. Nc6 Re8 32. h3 Qb7 33. Rxe8 Rxe8 34. Re1 Bd7 35. Rxe8 Bxe8 36. Qe2 Bxc6 37. Qe6+ Kg7 38. dxc6 Qxc6 39. Nc3 Qb6 40. Kh2 1-0

[Event "Wch Seniors 65 28th"]
[Site "Bled"]
[Date "2018.11.29"]
[Round "11"]
[White "Gal, Moshe"]
[Black "Giffard, Nicolas"]
[Result "1/2-1/2"]
[WhiteElo "2116"]
[BlackElo "2249"]
[PlyCount "71"]
[EventDate "2018.11.18"]
[EventType "swiss"]
[EventRounds "11"]
[EventCountry "SLO"]
[SourceTitle "CBM 187 Extra"]
[Source "ChessBase"]
[SourceDate "2018.11.04"]
[SourceVersion "1"]
[SourceVersionDate "2018.11.04"]
[SourceQuality "1"]

1. Nf3 d5 2. e3 Nf6 3. c4 c6 4. Nc3 g6 5. cxd5 Nxd5 6. Bc4 Bg7 7. Qb3 e6 8. d4 0-0 9. 0-0 Nd7 10. Rd1 h6 11. e4 N5b6 12. Be2 Qe7 13. Be3 Nf6 14. h3 Rd8 15. a4 Nbd7 16. a5 a6 17. Rd2 Bf8 18. Rad1 Re8 19. Bc4 Qb4 20. Qa2 b5 21. Bf1 Bb7 22. e5 Nd5 23. Nxd5 exd5 24. Rc2 Bg7 25. Bd2 Qe7 26. b4 Nf8 27. Bd3 Ne6 28. Re1 Rac8 29. Qb2 Rc7 30. Qc1 Qf8 31. Bc3 Bc8 32. Rce2 Bd7 33. Bd2 Rcc8 34. Bb1 Rc7 35. Bc3 Rcc8 36. Bd2 1/2-1/2

[Event "Wch Seniors 65 28th"]
[Site "Bled"]
[Date "2018.11.28"]
[Round "10"]
[White "Kiefer, Gerhard"]
[Black "Gal, Moshe"]
[Result "1/2-1/2"]
[WhiteElo "2306"]
[BlackElo "2116"]
[PlyCount "42"]
[EventDate "2018.11.18"]
[EventType "swiss"]
[EventRounds "11"]
[EventCountry "SLO"]
[SourceTitle "CBM 187 Extra"]
[Source "ChessBase"]
[SourceDate "2018.11.04"]
[SourceVersion "1"]
[SourceVersionDate "2018.11.04"]
[SourceQuality "1"]

1. e4 c5 2. Nf3 Nc6 3. d4 cxd4 4. Nxd4 g6 5. c4 Nf6 6. Nc3 d6 7. Be2 Nxd4 8. Qxd4 Bg7 9. Be3 0-0 10. Qd2 Qa5 11. f3 Be6 12. Rc1 Rfe8 13. b3 a6 14. Nd5 Qxd2+ 15. Kxd2 Bxd5 16. cxd5 Rec8 17. Bc4 Nd7 18. Rc2 b5 19. Be2 Rxc2+ 20. Kxc2 b4 21. Rc1 Nc5 1/2-1/2

[Event "Wch Seniors 65 28th"]
[Site "Bled"]
[Date "2018.11.26"]
[Round "8"]
[White "Cebalo, Miso"]
[Black "Gal, Moshe"]
[Result "1/2-1/2"]
[WhiteElo "2262"]
[BlackElo "2116"]
[PlyCount "105"]
[EventDate "2018.11.18"]
[EventType "swiss"]
[EventRounds "11"]
[EventCountry "SLO"]
[SourceTitle "CBM 187 Extra"]
[Source "ChessBase"]
[SourceDate "2018.11.04"]
[SourceVersion "1"]
[SourceVersionDate "2018.11.04"]
[SourceQuality "1"]

1. Nf3 c5 2. c4 g6 3. g3 Bg7 4. Bg2 Nc6 5. Nc3 e6 6. d3 Nge7 7. Bd2 d6 8. a3 Rb8 9. Rb1 Bd7 10. b4 b6 11. Nb5 Bc8 12. bxc5 dxc5 13. 0-0 0-0 14. Bc3 Bxc3 15. Nxc3 h6 16. Qd2 Kh7 17. Qb2 Bb7 18. Rfd1 e5 19. e3 f6 20. Ne2 Nf5 21. Qc2 Qe7 22. Nd2 Nd8 23. Bxb7 Rxb7 24. Nc3 Qf7 25. Nd5 Ne7 26. Nxe7 Qxe7 27. Ne4 Rd7 28. Nc3 Ne6 29. Nd5 Qd8 30. a4 Nc7 31. Nxc7 Qxc7 32. Qe2 Qc6 33. Ra1 Rfd8 34. a5 b5 35. cxb5 Qxb5 36. Qa2 Qa6 37. Rdc1 Qxd3 38. Rxc5 Qe4 39. Rcc1 Qf3 40. Qc4 h5 41. Rab1 e4 42. a6 Kh6 43. h4 Rd1+ 44. Rxd1 Rxd1+ 45. Rxd1 Qxd1+ 46. Kh2 Qd2 47. Kg2 f5 48. Qc8 Qb2 49. Qb7 Qg7 50. Qc8 Qf6 51. Qb7 Qg7 52. Qc8 Kh7 53. Qb7 1/2-1/2